Geopolítica y conflicto en el Cáucaso: el caso Chechenio /

La guerra de Chechenia tiene sus raíces en el diferendo histórico ruso-chechenio. El interés de Moscú por continuar dominando la región del Cáucaso desde hace más de dos siglos ha colisionado con el deseo de los chechenios de tener una nación independiente. La religión islámica versus la ortodoxa, e...

Fuld beskrivelse

Guardado en:
Bibliografiske detaljer
Hovedforfatter: Barrios Oviedo, Antonio, 1962- (Autor)
Andre forfattere: Arce Saldías, María Laura
Format: Bog
Sprog:Spanish
Udgivet: San José, C.R. : Editorial Universidad de Costa Rica, 2007
Serier:Cuadernos para la Ciudadanía n° 4
Fag:
Tags: Tilføj Tag
Ingen Tags, Vær først til at tagge denne postø!

MARC

LEADER 00000nam a22000007a 4500
003 cru CIDCACS/IIS
005 20230417084314.0
008 210204t2007 cr |||||r|||||||| ||spa|d
020 |a 9968936685 
040 |c cru CRAI/IIS 
090 |a 01.02.07 B276g 
100 1 |a Barrios Oviedo, Antonio,  |d 1962-  |e Autor  |9 6838 
245 1 |a Geopolítica y conflicto en el Cáucaso:  |b el caso Chechenio /  |c Antonio Barrios Oviedo, María Laura Arce Saldias 
260 |a San José, C.R. :  |b Editorial Universidad de Costa Rica,  |c 2007 
300 |a xii, 79 páginas :   |b mapas 
490 |a Cuadernos para la Ciudadanía  |v n° 4 
520 3 |a La guerra de Chechenia tiene sus raíces en el diferendo histórico ruso-chechenio. El interés de Moscú por continuar dominando la región del Cáucaso desde hace más de dos siglos ha colisionado con el deseo de los chechenios de tener una nación independiente. La religión islámica versus la ortodoxa, etnicidad, territorio, cultura, historia, política y petróleo, confluyen inevitablemente en este conflicto. RAR 14/01/22 
650 0 0 |2 OCDE  |9 83  |a DEMOCRACIA 
650 0 0 |2 OCDE  |9 414  |a CIUDADANIA 
650 0 0 |2 OCDE  |9 3841  |a DERECHOS CIVILES 
650 0 0 |2 UNA-UCR  |9 10294  |a DERECHOS COLECTIVOS 
700 1 |a Arce Saldías, María Laura  |9 9808 
942 |2 ddc  |c LI 
999 |c 42325  |d 42325